[Event "SC Klein-Berlin Rheine 2 - SG Turm Raes"]
[Site "Verbandsklasse 2015/2016"]
[Date "2016.03.12"]
[Round "7.1"]
[White "Bölker, Franz"]
[Black "van Dijk, Guido"]
[Result "1-0"]
[WhiteElo "1806"]
[BlackElo "1726"]
[PlyCount "148"]
[EventDate "2016.??.??"]
[SourceDate "2015.10.31"]

1. d4 c6 2. c4 d5 3. Nc3 Nf6 4. Nf3 e6 5. Bg5 Bb4 6. Nd2 Nbd7 7. e3 h6 8. Bh4
Qa5 9. Qc2 O-O 10. Be2 Ne4 11. Ndxe4 dxe4 12. O-O Bxc3 13. bxc3 f5 14. Be7 Rf7
15. Bb4 Qd8 16. Rad1 Nf6 17. Qb3 b6 18. c5 b5 19. a4 a6 20. c4 bxc4 21. Bxc4
Rb8 22. Rb1 Nd5 23. Bxd5 exd5 24. Qc3 Qg5 25. Ba5 Rfb7 26. Rb6 Rxb6 27. cxb6
Bb7 28. Bb4 Re8 29. Bd6 Qd8 30. Qc5 Re6 31. Be5 Qe7 32. Qc3 Rg6 33. Bf4 Re6 34.
f3 Rg6 35. Be5 Qg5 36. Qd2 h5 37. Qf2 Qe7 38. fxe4 fxe4 39. g3 h4 40. Qf5 Rg5
41. Qf2 hxg3 42. Bxg3 Rg6 43. Qf4 Rf6 44. Qb8+ Kf7 45. Rxf6+ Kxf6 46. Bh4+ g5
47. Qh8+ Kg6 48. Qg8+ Kf5 49. Bg3 a5 50. Qb8 Ba6 51. Qa7 Bb7 52. Qxa5 Qa3 53.
Qd2 Qxa4 54. Qf2+ Kg6 55. Be5 Qd1+ 56. Kg2 Qg4+ 57. Bg3 Bc8 58. Kg1 Qd1+ 59.
Kg2 Qg4 60. Qf8 Qe2+ 61. Bf2 Bg4 62. Qg8+ Kf6 63. Qf8+ Kg6 64. Qe8+ Kg7 65.
Qe5+ Kg6 66. Qe8+ Kg7 67. Qe7+ Kg6 68. h4 Bf3+ 69. Kg3 gxh4+ 70. Qxh4 Bh5 71.
Qf4 Bf3 72. b7 Qf1 73. b8=Q Qg2+ 74. Kh4 Qh1+ 1-0

[Event "SC Klein-Berlin Rheine 2 - SG Turm Raes"]
[Site "Verbandsklasse 2015/2016"]
[Date "2016.03.12"]
[Round "7.2"]
[White "Ratert, Matthias"]
[Black "Brömmel, Chris"]
[Result "1-0"]
[WhiteElo "1826"]
[BlackElo "1792"]
[PlyCount "85"]
[EventDate "2016.??.??"]
[SourceDate "2015.10.31"]

1. e4 d5 2. exd5 Qxd5 3. Nc3 Qa5 4. d4 Nf6 5. Nf3 Bg4 6. h3 Bxf3 7. Qxf3 c6 8.
Bd2 e6 9. Ne4 Qd8 10. Nxf6+ Qxf6 11. Qxf6 gxf6 12. O-O-O Nd7 13. g4 O-O-O 14.
Be3 Nb6 15. c4 Bg7 16. Be2 Rd7 17. Rd2 Rhd8 18. Rhd1 Kc7 19. b3 e5 20. Bd3 Re7
21. Bf5 h6 22. d5 cxd5 23. Bc5 Ree8 24. cxd5 Nd7 25. Be7 Bf8 26. Rc2+ Kb6 27.
Bxd8+ Rxd8 28. Kb2 Nc5 29. Rdd2 Bd6 30. b4 Na6 31. a3 Nc7 32. Rc4 Re8 33. f3
Rd8 34. Be4 Nb5 35. Rdc2 Rd7 36. Rc8 a5 37. bxa5+ Kxa5 38. Ra8+ Kb6 39. a4 Nd4
40. Rc4 Ne2 41. a5+ Kb5 42. Bd3 Nf4 43. Rxf4+ 1-0

[Event "SC Klein-Berlin Rheine 2 - SG Turm Raes"]
[Site "Verbandsklasse 2015/2016"]
[Date "2016.03.12"]
[Round "7.3"]
[White "Fasselt, Hendrik"]
[Black "Hauk, Viktor"]
[Result "0-1"]
[WhiteElo "1804"]
[BlackElo "1772"]
[PlyCount "137"]
[EventDate "2016.??.??"]
[SourceDate "2015.10.31"]

1. b3 e5 2. Bb2 Nc6 3. e3 d5 4. Bb5 Bd6 5. Nf3 Qe7 6. d4 e4 7. Ne5 Bd7 8. Nxd7
Qxd7 9. O-O a6 10. Be2 Nf6 11. Nd2 Ne7 12. c4 c6 13. Re1 O-O 14. a3 Qf5 15. f3
Qh5 16. Nf1 Qh6 17. f4 g5 18. g3 Qg6 19. Kh1 h5 20. Bc1 g4 21. Qc2 Nf5 22. Bd1
Kh7 23. Qf2 Rh8 24. Re2 Kg7 25. Bd2 h4 26. Be1 hxg3 27. Nxg3 Nxg3+ 28. Qxg3 Nh5
29. Qg1 f5 30. Rg2 Nf6 31. c5 Be7 32. Rb1 Rh3 33. Rbb2 Rah8 34. Rg3 R3h6 35.
Rgg2 Rh3 36. Be2 Kf7 37. Bg3 Nh5 38. Bf1 Qh7 39. Qf2 Bd8 40. Kg1 Nxg3 41. Rxg3
Bh4 42. Bxh3 Bxg3 43. Qxg3 gxh3 44. Kh1 Rg8 45. Qe1 Qh5 46. Rf2 Qg4 47. Qf1 Kf6
48. a4 a5 49. Qe1 Qh4 50. Qe2 Qg4 51. Qe1 Kg6 52. Qf1 Kh5 53. Qe1 b6 54. cxb6
Rb8 55. b4 Rxb6 56. bxa5 Rb4 57. Qg1 Rxa4 58. Rf1 Ra2 59. Qg3 Qxg3 60. hxg3 Kg4
61. Rg1 Rxa5 62. Kh2 Ra3 63. Re1 Ra2+ 64. Kh1 Kxg3 65. Rg1+ Kf3 66. Rg5 Kxe3
67. Rxf5 Rf2 68. Rh5 Rxf4 69. Rxh3+ 0-1

[Event "SC Klein-Berlin Rheine 2 - SG Turm Raes"]
[Site "Verbandsklasse 2015/2016"]
[Date "2016.03.12"]
[Round "7.4"]
[White "Miethe, Christoph"]
[Black "Suer, Julian"]
[Result "1/2-1/2"]
[WhiteElo "1712"]
[BlackElo "1739"]
[PlyCount "50"]
[EventDate "2016.??.??"]
[SourceDate "2015.10.31"]

1. e4 d5 2. exd5 Nf6 3. Nf3 Nxd5 4. d4 Bg4 5. Be2 e6 6. O-O c6 7. c4 Nf6 8. Nc3
Be7 9. h3 Bh5 10. a3 O-O 11. Be3 Qc7 12. c5 Rd8 13. b4 Nbd7 14. Qb3 Nd5 15.
Nxd5 exd5 16. Rfe1 Re8 17. Qc2 Bg6 18. Bd3 Bxd3 19. Qxd3 Nf6 20. Ne5 Ne4 21. f3
Bh4 22. fxe4 Bxe1 23. Rxe1 f6 24. Ng4 Rxe4 25. Bf2 Rae8 1/2-1/2

[Event "SC Klein-Berlin Rheine 2 - SG Turm Raes"]
[Site "Verbandsklasse 2015/2016"]
[Date "2016.03.12"]
[Round "7.5"]
[White "Cvetkovic, Reinhard"]
[Black "Huesmann, Stephan"]
[Result "1-0"]
[WhiteElo "1706"]
[BlackElo "1705"]
[PlyCount "75"]
[EventDate "2016.??.??"]
[SourceDate "2015.10.31"]

1. e4 e6 2. d4 d5 3. Nc3 Nf6 4. e5 Nfd7 5. Nce2 c5 6. c3 Nc6 7. f4 cxd4 8. cxd4
Qa5+ 9. Bd2 Qb6 10. Bc3 Be7 11. Nf3 O-O 12. a3 f6 13. Ng3 fxe5 14. fxe5 Rf7 15.
Bd3 Kh8 16. Qc2 Nf8 17. b4 Rxf3 18. gxf3 Nxd4 19. Qf2 Nc6 20. Ne2 Qd8 21. h4
Qc7 22. f4 Bd7 23. h5 b6 24. Rc1 Qb7 25. Rg1 Be8 26. Qg3 Bd8 27. h6 g6 28. f5
Rc8 29. Bb2 Qf7 30. f6 Qb7 31. Qf4 Bf7 32. Kd2 b5 33. Rg5 a5 34. Nd4 Nxd4 35.
Qxd4 Bb6 36. Rxc8 Bxd4 37. Rxf8+ Bg8 38. Bxd4 1-0

[Event "SC Klein-Berlin Rheine 2 - SG Turm Raes"]
[Site "Verbandsklasse 2015/2016"]
[Date "2016.03.12"]
[Round "7.6"]
[White "Pohlmeier, Ulrich"]
[Black "Hoffmann, Fabian"]
[Result "1/2-1/2"]
[WhiteElo "1562"]
[BlackElo "1693"]
[PlyCount "85"]
[EventDate "2016.??.??"]
[SourceDate "2015.10.31"]

1. d4 d5 2. c4 e6 3. g3 Nf6 4. Bg2 c6 5. Qc2 Bd6 6. Nf3 O-O 7. O-O Nbd7 8. c5
Bc7 9. Nc3 Re8 10. e4 Nxe4 11. Nxe4 dxe4 12. Qxe4 Nf6 13. Qc2 Nd5 14. a3 h6 15.
Re1 Qd7 16. Bd2 b6 17. Rad1 Ba6 18. b4 Rad8 19. Ne5 Bxe5 20. dxe5 Qb7 21. Rc1
Rc8 22. Qe4 Qe7 23. Qg4 Kh8 24. Qh5 Qf8 25. g4 Bd3 26. Be4 Bxe4 27. Rxe4 f6 28.
cxb6 axb6 29. Rec4 Ra8 30. Rxc6 Rxa3 31. exf6 Nxf6 32. Qg6 Rf3 33. Be3 Qxb4 34.
R6c4 Qf8 35. Kg2 Nd5 36. Qxe8 Qxe8 37. Rc8 Rf8 38. Rxe8 Rxe8 39. Bd4 Kg8 40.
Kg3 e5 41. Re1 e4 42. Rb1 Rb8 43. Rb5 1/2-1/2

[Event "SC Klein-Berlin Rheine 2 - SG Turm Raes"]
[Site "Verbandsklasse 2015/2016"]
[Date "2016.03.12"]
[Round "7.7"]
[White "Droste, Laurenz"]
[Black "Wilde, Jürgen"]
[Result "1/2-1/2"]
[WhiteElo "1612"]
[BlackElo "1619"]
[PlyCount "82"]
[EventDate "2016.??.??"]
[SourceDate "2015.10.31"]

1. f4 d5 2. e3 Nf6 3. b3 Nc6 4. Bb2 Bg4 5. Be2 Bf5 6. Nf3 e6 7. Nc3 h6 8. O-O
Bc5 9. Bb5 O-O 10. Bxc6 bxc6 11. Ne5 Qe8 12. Ne2 Ng4 13. Nxg4 Bxg4 14. Qe1 Bf5
15. Qg3 f6 16. d3 Qg6 17. d4 Bd6 18. c3 Bd3 19. Rf2 Qh5 20. Re1 Rae8 21. Qf3
Bxe2 22. Qxe2 Qxe2 23. Rexe2 f5 24. Rc2 Kf7 25. c4 g5 26. g3 Rg8 27. a3 h5 28.
Rg2 Rb8 29. b4 a6 30. cxd5 cxd5 31. Rc6 gxf4 32. exf4 Ra8 33. Bc1 Ra7 34. Re2
h4 35. Kg2 hxg3 36. hxg3 Rh8 37. Rcc2 Raa8 38. Re1 Rh6 39. Rh1 Rxh1 40. Kxh1
Rh8+ 41. Kg2 Ke7 1/2-1/2

[Event "SC Klein-Berlin Rheine 2 - SG Turm Raes"]
[Site "Verbandsklasse 2015/2016"]
[Date "2016.03.12"]
[Round "7.8"]
[White "van Dam, Hans"]
[Black "Grömping, Franz-Josef"]
[Result "1/2-1/2"]
[WhiteElo "1563"]
[BlackElo "1678"]
[PlyCount "54"]
[EventDate "2016.??.??"]
[SourceDate "2015.10.31"]

1. e4 c5 2. Nf3 d6 3. d4 cxd4 4. Nxd4 Nf6 5. Nc3 a6 6. Be2 e5 7. Nf3 Be6 8. Ng5
Qc7 9. Nxe6 fxe6 10. Bg5 Be7 11. Bxf6 Bxf6 12. Bg4 Qe7 13. Bh3 O-O 14. Qg4 Re8
15. O-O Nc6 16. Ne2 Nd4 17. c3 Nxe2+ 18. Qxe2 d5 19. Rad1 Rad8 20. Rd3 dxe4 21.
Qxe4 Rxd3 22. Qxd3 Rd8 23. Qe2 Qd6 24. Bg4 a5 25. Rd1 Qxd1+ 26. Qxd1 Rxd1+ 27.
Bxd1 Kf7 1/2-1/2

[Event "SK Ochtrup 1 - SF Beelen 2"]
[Site "Verbandsklasse 2015/2016"]
[Date "2016.03.12"]
[Round "7.1"]
[White "Henke, Wolfgang"]
[Black "Jacob, Helmut"]
[Result "0-1"]
[WhiteElo "1730"]
[BlackElo "1964"]
[PlyCount "94"]
[EventDate "2016.??.??"]
[SourceDate "2015.10.31"]

1. e4 c5 2. c3 g6 3. d4 cxd4 4. cxd4 d5 5. e5 Bg7 6. Nc3 a6 7. Nf3 Nc6 8. Bg5
f6 9. exf6 exf6 10. Bf4 Nge7 11. Rc1 O-O 12. Bd3 Bg4 13. Be2 Qb6 14. Na4 Qb4+
15. Bd2 Qd6 16. Bc3 b5 17. Nc5 b4 18. Bd2 a5 19. Be3 Nf5 20. O-O Nxe3 21. fxe3
Bh6 22. Rc2 Bxe3+ 23. Kh1 Bxf3 24. Bxf3 Nxd4 25. Nb7 Qe5 26. Re1 Nxc2 27. Qxc2
d4 28. Nc5 Rac8 29. Qb3+ Kh8 30. Nd7 Qd6 31. Nxf8 Rxf8 32. Rd1 Kg7 33. Qxe3
Qxh2+ 34. Kxh2 dxe3 35. Rd7+ Rf7 36. Rxf7+ Kxf7 37. Kg3 g5 38. Bd5+ Kg6 39. Kf3
e2 40. Kxe2 Kf5 41. Kf3 h5 42. Be4+ Ke5 43. Bg6 h4 44. Kg4 Kd4 45. Kf5 Ke3 46.
Kxf6 g4 47. Bf5 h3 0-1

[Event "SK Ochtrup 1 - SF Beelen 2"]
[Site "Verbandsklasse 2015/2016"]
[Date "2016.03.12"]
[Round "7.2"]
[White "Schwietering, Ralf"]
[Black "Hofene, Josef"]
[Result "1-0"]
[WhiteElo "1878"]
[BlackElo "1715"]
[PlyCount "89"]
[EventDate "2016.??.??"]
[SourceDate "2015.10.31"]

1. e4 d5 2. exd5 Qxd5 3. Nc3 Qa5 4. Bc4 Nf6 5. h3 c6 6. Qf3 Nbd7 7. Nge2 Ne5 8.
Qf4 Nxc4 9. Qxc4 g6 10. O-O Bg7 11. d3 O-O 12. Qh4 Qh5 13. Qg3 Nd5 14. Re1 e5
15. Nxd5 cxd5 16. c3 f5 17. Qe3 f4 18. Qc5 Be6 19. Qe7 Rae8 20. Qxb7 g5 21. f3
Rf7 22. Qc6 Rf6 23. Qc5 Rh6 24. Qf2 g4 25. fxg4 Bxg4 26. Nxf4 exf4 27. Rxe8+
Qxe8 28. hxg4 Re6 29. Bd2 Qg6 30. Qf3 d4 31. c4 Qe8 32. Kf1 Rh6 33. Re1 Qd8 34.
Bxf4 Rf6 35. Qe4 Qf8 36. g3 Bh6 37. g5 Bxg5 38. Qd5+ Kh8 39. Qxg5 Rg6 40. Qe5+
Kg8 41. Qd5+ Kh8 42. Qxd4+ Kg8 43. Qd5+ Kh8 44. Qe5+ Kg8 45. Qe8 1-0

[Event "SK Ochtrup 1 - SF Beelen 2"]
[Site "Verbandsklasse 2015/2016"]
[Date "2016.03.12"]
[Round "7.3"]
[White "Fartmann, Franz-Josef"]
[Black "Holtmannspötter, Thomas"]
[Result "1/2-1/2"]
[WhiteElo "1701"]
[BlackElo "1762"]
[PlyCount "46"]
[EventDate "2016.??.??"]
[SourceDate "2015.10.31"]

1. b3 {[%emt 0:00:00]} e5 2. Bb2 d6 3. e3 Nf6 4. Be2 Be7 5. d3 Nbd7 6. Nf3 O-O
7. Nbd2 Re8 8. O-O c6 9. c4 Bf8 10. Qc2 a5 11. Ne4 Nxe4 12. dxe4 Nf6 13. Rfd1
Qc7 14. Rd2 Bg4 15. Ba3 Red8 16. Rad1 b6 17. h3 Bh5 18. Nh4 Bxe2 19. Rxe2 g6
20. Nf3 Rac8 21. Red2 Qb8 22. Bb2 c5 23. Nh2 Qa8 1/2-1/2

[Event "SK Ochtrup 1 - SF Beelen 2"]
[Site "Verbandsklasse 2015/2016"]
[Date "2016.03.12"]
[Round "7.4"]
[White "Moor, Daniel"]
[Black "Hofene, Werner"]
[Result "1-0"]
[WhiteElo "1642"]
[BlackElo "1721"]
[PlyCount "51"]
[EventDate "2016.??.??"]
[SourceDate "2015.10.31"]

1. e4 d6 2. d4 Nf6 3. Nc3 g6 4. h3 Bg7 5. Be3 c6 6. Nf3 O-O 7. Qd2 b5 8. a3 a5
9. Bh6 Ba6 10. Bxg7 Kxg7 11. Bd3 Nbd7 12. O-O e5 13. Ne2 Qb6 14. c3 Rfe8 15.
Ng3 d5 16. Rfe1 exd4 17. e5 Ne4 18. Bxe4 dxe4 19. Rxe4 Nc5 20. Rh4 dxc3 21.
Qh6+ Kg8 22. Qxh7+ Kf8 23. Qh8+ Ke7 24. Qf6+ Kd7 25. Qxf7+ Re7 26. Rd1+ 1-0

[Event "SK Ochtrup 1 - SF Beelen 2"]
[Site "Verbandsklasse 2015/2016"]
[Date "2016.03.12"]
[Round "7.5"]
[White "Schemmann, Bernhard"]
[Black "Schmerling, Janek"]
[Result "0-1"]
[WhiteElo "1856"]
[BlackElo "1664"]
[PlyCount "70"]
[EventDate "2016.??.??"]
[SourceDate "2015.10.31"]

1. e4 {[%emt 0:00:00]} e5 2. Nf3 Nc6 3. Bb5 a6 4. Ba4 Nf6 5. O-O b5 6. Bb3 Be7
7. Re1 d6 8. c3 Bg4 9. d3 O-O 10. Nbd2 Na5 11. Bc2 c5 12. Nf1 Nc6 13. h3 Bxf3
14. Qxf3 Qd7 15. Ne3 Nd8 16. Nf5 Ne6 17. g4 Ne8 18. h4 g6 19. Nh6+ Kg7 20. g5
f6 21. Qg4 fxg5 22. hxg5 Ra7 23. Qh4 Qd8 24. Nf5+ gxf5 25. Qh6+ Kh8 26. Qxe6
Bxg5 27. exf5 Rg7 28. Kf1 Nc7 29. Bxg5 Qxg5 30. Qxd6 Rxf5 31. Qxc5 Ne6 32. Qc8+
Rf8 33. Qxe6 Rxf2+ 34. Kxf2 Qg2+ 35. Ke3 Rg3# 0-1

[Event "SK Ochtrup 1 - SF Beelen 2"]
[Site "Verbandsklasse 2015/2016"]
[Date "2016.03.12"]
[Round "7.6"]
[White "Kaiser, Günter"]
[Black "Bleier, Thomas"]
[Result "1/2-1/2"]
[WhiteElo "1631"]
[BlackElo "1651"]
[PlyCount "48"]
[EventDate "2016.??.??"]
[SourceDate "2015.10.31"]

1. e4 {[%emt 0:00:00]} e6 2. d4 d5 3. Nd2 c5 4. exd5 exd5 5. Ngf3 Nc6 6. Be2
Bf5 7. O-O Bd6 8. dxc5 Bxc5 9. Nb3 Bb6 10. c3 Nge7 11. Nbd4 Be4 12. Bf4 Ng6 13.
Bg3 O-O 14. Nxc6 bxc6 15. Nd4 c5 16. Nb5 d4 17. Nd6 Bd5 18. cxd4 cxd4 19. Nc4
Bc5 20. Rc1 Rc8 21. a3 Qf6 22. b4 Be7 23. f4 Rfd8 24. Ne5 Bb7 1/2-1/2

[Event "SK Ochtrup 1 - SF Beelen 2"]
[Site "Verbandsklasse 2015/2016"]
[Date "2016.03.12"]
[Round "7.7"]
[White "Hofene, Markus"]
[Black "Jacob, Barbara"]
[Result "1-0"]
[WhiteElo "1655"]
[BlackElo "1554"]
[PlyCount "71"]
[EventDate "2016.??.??"]
[SourceDate "2015.10.31"]

1. e4 d5 2. d4 e6 3. exd5 exd5 4. Bd3 Nf6 5. h3 Be7 6. Nf3 O-O 7. O-O Nbd7 8.
Bf4 Ne4 9. Nc3 Ndf6 10. Re1 Nxc3 11. bxc3 Bd6 12. Bg5 h6 13. Bh4 Be6 14. Qd2
Be7 15. Rab1 Rb8 16. Bg3 Bd6 17. Be5 Bxe5 18. Rxe5 Nd7 19. Re2 c5 20. Qf4 c4
21. Bf5 Bxf5 22. Qxf5 Nf6 23. Rbe1 Ne4 24. Re3 Qa5 25. Ne5 Nd6 26. Qg4 Rfe8 27.
Rg3 g5 28. Rf3 f5 29. Qh5 Re6 30. h4 g4 31. Rxf5 Qxc3 32. Qxg4+ Kh8 33. Nf7+
Nxf7 34. Rxe6 Qa1+ 35. Kh2 Rg8 36. Qh5 1-0

[Event "SK Ochtrup 1 - SF Beelen 2"]
[Site "Verbandsklasse 2015/2016"]
[Date "2016.03.12"]
[Round "7.8"]
[White "Brägelmann, Tobias"]
[Black "Merkentrup, Ralf"]
[Result "0-1"]
[WhiteElo "1526"]
[BlackElo "1593"]
[PlyCount "86"]
[EventDate "2016.??.??"]
[SourceDate "2015.10.31"]

1. d4 {[%emt 0:00:00]} f5 2. c4 Nf6 3. Nc3 g6 4. Nf3 Bg7 5. e3 d6 6. Be2 O-O 7.
O-O c6 8. b3 Nbd7 9. Qc2 Qe8 10. Bb2 e5 11. dxe5 dxe5 12. Rfd1 e4 13. Nd4 Ne5
14. b4 Qe7 15. a3 Nfg4 16. h3 Nh6 17. c5 g5 18. Qb3+ Kh8 19. Bc4 g4 20. hxg4
Nhxg4 21. g3 Qg5 22. Kg2 Nxf2 23. Rf1 Nxc4 24. Qxc4 Nd3 25. Bc1 Be5 26. Nxe4
Qg7 27. Qxd3 Rg8 28. Kf2 fxe4 29. Qxe4 Qxg3+ 30. Ke2 Bg4+ 31. Kd3 Rad8 32. Kc4
Bxd4 33. exd4 Rge8 34. Qf4 Be6+ 35. d5 Bxd5+ 36. Kd4 Bg8+ 37. Qd6 Rxd6+ 38.
cxd6 Qxd6+ 39. Kc3 Qg3+ 40. Kd4 Qe5+ 41. Kd3 Rd8+ 42. Kc2 Qe2+ 43. Kc3 Rd3# 0-1

[Event "Schach Nienberge 2 - SF Stadtlohn 1"]
[Site "Verbandsklasse 2015/2016"]
[Date "2016.03.12"]
[Round "7.1"]
[White "Mullink, Jochem"]
[Black "da Costa Campos, André"]
[Result "1-0"]
[WhiteElo "1960"]
[BlackElo "1950"]
[PlyCount "94"]
[EventDate "2016.??.??"]
[SourceDate "2015.10.31"]

1. e4 e5 2. Nf3 Nc6 3. Bb5 a6 4. Ba4 Nf6 5. O-O Be7 6. Re1 b5 7. Bb3 O-O 8. a4
b4 9. d3 d6 10. h3 Be6 11. Nbd2 Bxb3 12. Nxb3 Re8 13. Bg5 Nd7 14. Be3 Bf6 15.
Nbd2 Nf8 16. Nc4 Ne6 17. Rb1 Rb8 18. Nfd2 Bg5 19. g3 Bxe3 20. Nxe3 Qg5 21. Nf3
Qh5 22. Nh4 Qg5 23. Kh2 g6 24. Nf3 Qh5 25. Nd5 Kg7 26. Kg2 f5 27. exf5 Qxf5 28.
Nh4 Qf7 29. Qf3 Rf8 30. Qxf7+ Rxf7 31. f4 b3 32. c3 Nc5 33. Re3 Nxa4 34. Nf3
exf4 35. Nxf4 Nb6 36. Ra1 a5 37. Ng5 Rd7 38. Re4 a4 39. h4 Ne5 40. h5 gxh5 41.
Rh1 Kg8 42. Nge6 h4 43. Rxh4 Ng6 44. Rg4 Kf7 45. Ng5+ Kf6 46. Nh5+ Kf5 47. Nf3
c5 1-0

[Event "Schach Nienberge 2 - SF Stadtlohn 1"]
[Site "Verbandsklasse 2015/2016"]
[Date "2016.03.12"]
[Round "7.2"]
[White "Melkert, Tim"]
[Black "Te Sligte, Bert"]
[Result "1-0"]
[WhiteElo "1899"]
[BlackElo "1875"]
[PlyCount "63"]
[EventDate "2016.??.??"]
[SourceDate "2015.10.31"]

1. e4 e5 2. Nf3 Nc6 3. Bb5 a6 4. Ba4 Nf6 5. O-O Be7 6. Re1 b5 7. Bb3 O-O 8. h3
d6 9. c3 Na5 10. Bc2 c5 11. d4 Qc7 12. Nbd2 cxd4 13. cxd4 Bd7 14. Nf1 Rfc8 15.
Bd3 Nc6 16. Be3 Qb8 17. Rc1 h6 18. Ng3 Bd8 19. Bb1 Bb6 20. a3 Qa7 21. dxe5 dxe5
22. Nf5 Bxf5 23. exf5 Rd8 24. Qb3 Nd4 25. Bxd4 Bxd4 26. Nxd4 exd4 27. Qg3 Re8
28. Rxe8+ Rxe8 29. Rc7 Qa8 30. Ba2 Rf8 31. Qd6 Qd8 32. Rxf7 1-0

[Event "Schach Nienberge 2 - SF Stadtlohn 1"]
[Site "Verbandsklasse 2015/2016"]
[Date "2016.03.12"]
[Round "7.3"]
[White "Krosenbrink, Marcel"]
[Black "Kluczka, Konrad"]
[Result "1-0"]
[WhiteElo "1808"]
[BlackElo "1807"]
[PlyCount "89"]
[EventDate "2016.??.??"]
[SourceDate "2015.10.31"]

1. e4 e5 2. Nf3 Nc6 3. Bb5 d6 4. d4 exd4 5. Nxd4 Bd7 6. Nc3 Nxd4 7. Bxd7+ Qxd7
8. Qxd4 Ne7 9. Be3 Nc6 10. Qd2 Be7 11. Nd5 O-O 12. O-O-O Ne5 13. Qe2 c6 14.
Nxe7+ Qxe7 15. h4 Qe6 16. Kb1 Rfd8 17. Bc1 f6 18. Rhe1 Re8 19. f3 Rad8 20. g4
Qc4 21. Qg2 Qe6 22. b3 a5 23. Bb2 a4 24. g5 axb3 25. axb3 f5 26. h5 fxe4 27.
Rxe4 Qf5 28. Rde1 Rf8 29. f4 Qg4 30. Qxg4 Nxg4 31. Re7 Rf7 32. g6 hxg6 33. hxg6
Rxe7 34. Rxe7 Nf6 35. Rxb7 Ne8 36. Kc1 Kf8 37. Kd2 Rc8 38. Rf7+ Kg8 39. Ke3 Rc7
40. Rxc7 Nxc7 41. Ke4 Kf8 42. Kf5 Kg8 43. c4 Kf8 44. Bc3 c5 45. Ba5 1-0

[Event "Schach Nienberge 2 - SF Stadtlohn 1"]
[Site "Verbandsklasse 2015/2016"]
[Date "2016.03.12"]
[Round "7.4"]
[White "Schipke, Thorsten"]
[Black "Kloster, Daniel"]
[Result "1/2-1/2"]
[WhiteElo "1793"]
[BlackElo "1730"]
[PlyCount "82"]
[EventDate "2016.??.??"]
[SourceDate "2015.10.31"]

1. e4 e6 2. d4 d5 3. exd5 exd5 4. Nf3 Nf6 5. Bg5 Bf5 6. Bd3 Bxd3 7. Qxd3 Bd6 8.
Nc3 c6 9. O-O-O O-O 10. Ne5 Be7 11. Rde1 Nbd7 12. h4 h6 13. f4 Nxe5 14. dxe5
Ng4 15. Bxe7 Qxe7 16. Qf5 Qe6 17. Qxe6 fxe6 18. g3 h5 19. Rhf1 Rf5 20. Nd1 d4
21. Rf3 c5 22. c3 Rd8 23. Rd3 Rff8 24. cxd4 cxd4 25. Re4 Rf7 26. Rexd4 Rxd4 27.
Rxd4 Kh7 28. Kd2 Kg6 29. b4 Rc7 30. Rd6 Kf5 31. Ne3+ Nxe3 32. Kxe3 Rc3+ 33. Rd3
Rc7 34. Kd2 Kg4 35. a3 g6 36. a4 Rc4 37. Rb3 Rd4+ 38. Ke2 Re4+ 39. Kd2 Rd4+ 40.
Ke2 Re4+ 41. Kd2 Rd4+ 1/2-1/2

[Event "Schach Nienberge 2 - SF Stadtlohn 1"]
[Site "Verbandsklasse 2015/2016"]
[Date "2016.03.12"]
[Round "7.5"]
[White "Becking, Stefan"]
[Black "Dirks, Frank"]
[Result "1/2-1/2"]
[WhiteElo "1673"]
[BlackElo "1773"]
[PlyCount "72"]
[EventDate "2016.??.??"]
[SourceDate "2015.10.31"]

1. e4 b6 2. d4 Bb7 3. Nc3 e6 4. Bd3 Bb4 5. Nge2 Nf6 6. O-O h6 7. e5 Nh7 8. Bxh7
Rxh7 9. Qd3 g6 10. a3 Be7 11. b4 d6 12. exd6 cxd6 13. Nf4 Rg7 14. Rd1 Qd7 15.
Bb2 g5 16. Nh5 Rg6 17. Ne4 Na6 18. Nef6+ Rxf6 19. Nxf6+ Bxf6 20. c4 O-O-O 21.
b5 Nc7 22. a4 Ne8 23. a5 Ng7 24. axb6 axb6 25. Ra7 Nf5 26. Raa1 Qc7 27. Bc3 Qb8
28. d5 Bxc3 29. Qxc3 Qc7 30. Ra7 Kd7 31. Qf6 Ne7 32. Qxf7 exd5 33. Raa1 dxc4
34. Re1 Re8 35. Qe6+ Kd8 36. Qf6 Qb8 1/2-1/2

[Event "Schach Nienberge 2 - SF Stadtlohn 1"]
[Site "Verbandsklasse 2015/2016"]
[Date "2016.03.12"]
[Round "7.6"]
[White "Hagemann, Lars"]
[Black "Wensing, Herbert"]
[Result "1-0"]
[WhiteElo "1690"]
[BlackElo "1668"]
[PlyCount "51"]
[EventDate "2016.??.??"]
[SourceDate "2015.10.31"]

1. d4 Nf6 2. Nf3 e6 3. c4 d5 4. Nc3 c6 5. Bg5 h6 6. Bh4 Nbd7 7. e3 Bb4 8. cxd5
exd5 9. Nd2 Qa5 10. Qc2 O-O 11. Bd3 Re8 12. O-O Bd6 13. e4 dxe4 14. Ncxe4 Nxe4
15. Nxe4 Bc7 16. f4 Nf8 17. f5 Qd5 18. Bf2 Bb6 19. Rae1 Bd7 20. Bc4 Qxf5 21.
Bg3 Bxd4+ 22. Kh1 Qg6 23. Bxf7+ Qxf7 24. Rxf7 Kxf7 25. Nd6+ Kg8 26. Nxe8 1-0

[Event "Schach Nienberge 2 - SF Stadtlohn 1"]
[Site "Verbandsklasse 2015/2016"]
[Date "2016.03.12"]
[Round "7.7"]
[White "Söbbing, Ulrich"]
[Black "Albustin, Benedikt"]
[Result "0-1"]
[WhiteElo "1545"]
[BlackElo "1886"]
[PlyCount "82"]
[EventDate "2016.??.??"]
[SourceDate "2015.10.31"]

1. d4 Nf6 2. c4 g6 3. Nc3 d5 4. Bg5 Ne4 5. Nxe4 dxe4 6. e3 c5 7. Qd2 Bg7 8. Ne2
Na6 9. Rd1 Bf5 10. a3 Rc8 11. Nc3 Qd7 12. Be2 h6 13. Bh4 cxd4 14. exd4 Rd8 15.
Nb5 Nc7 16. Nxc7+ Qxc7 17. Bg3 Qb6 18. c5 Qc6 19. Qb4 a6 20. O-O h5 21. h3 g5
22. f3 exf3 23. Bxf3 Be4 24. Bxe4 Qxe4 25. Bf2 g4 26. Rfe1 Qc6 27. Rd3 Bf6 28.
Qd2 gxh3 29. Rxh3 Rg8 30. Rh2 Qxc5 31. dxc5 Rxd2 32. b4 h4 33. Be3 Ra2 34. Bc1
h3 35. Rxh3 Rgxg2+ 36. Kh1 e6 37. Rf1 Rgc2 38. Rh6 Bd4 39. Rh7 Ra1 40. Rhxf7
Rcxc1 41. Rf8+ Kd7 0-1

[Event "Schach Nienberge 2 - SF Stadtlohn 1"]
[Site "Verbandsklasse 2015/2016"]
[Date "2016.03.12"]
[Round "7.8"]
[White "Schulte Austum, Frank"]
[Black "Bußwolder, Peter"]
[Result "1-0"]
[WhiteElo "1649"]
[BlackElo "1735"]
[PlyCount "46"]
[EventDate "2016.??.??"]
[SourceDate "2015.10.31"]

1. d4 d5 2. Nf3 Nf6 3. Bg5 e6 4. Nbd2 Be7 5. e3 O-O 6. Bd3 c5 7. c3 b6 8. O-O
Bb7 9. Ne5 Nc6 10. f4 Rc8 11. Qe1 Rc7 12. Qh4 g6 13. Rf3 Nh5 14. g4 f6 15. Nxg6
hxg6 16. Bxg6 fxg5 17. Qxh5 Bf6 18. fxg5 Bxg5 19. Rxf8+ Kxf8 20. Rf1+ Kg8 21.
Bf7+ Kg7 22. Qg6+ Kh8 23. Rf3 Bh4 1-0

[Event "Indische Dame Münster 1 - SK Königsspri"]
[Site "Verbandsklasse 2015/2016"]
[Date "2016.03.12"]
[Round "7.2"]
[White "Knispel-Roth, Martin"]
[Black "Lerke, Bernd"]
[Result "1/2-1/2"]
[WhiteElo "1897"]
[BlackElo "1888"]
[PlyCount "36"]
[EventDate "2016.??.??"]
[SourceDate "2015.10.31"]

1. Nf3 d5 2. g3 Nf6 3. Bg2 e6 4. O-O Be7 5. d3 b6 6. Nbd2 Bb7 7. c4 O-O 8. b3
c5 9. Qc2 Nbd7 10. Bb2 Qc7 11. cxd5 Nxd5 12. Rac1 Rac8 13. Qb1 Qb8 14. Qa1 Bf6
15. Nc4 Rfe8 16. Bxf6 N5xf6 17. Nfe5 Bxg2 18. Kxg2 Nxe5 1/2-1/2

[Event "Indische Dame Münster 1 - SK Königsspri"]
[Site "Verbandsklasse 2015/2016"]
[Date "2016.03.12"]
[Round "7.3"]
[White "Wetterau, Georg"]
[Black "Frie, Michael"]
[Result "0-1"]
[WhiteElo "1814"]
[BlackElo "1882"]
[PlyCount "72"]
[EventDate "2016.??.??"]
[SourceDate "2015.10.31"]

1. e4 d6 2. d4 c6 3. g3 Qc7 4. Bg2 e5 5. f4 Be7 6. c3 Nd7 7. Nf3 b6 8. O-O Ngf6
9. Re1 O-O 10. a4 a5 11. Na3 Ba6 12. fxe5 dxe5 13. Qb3 c5 14. dxe5 c4 15. Qc2
Ng4 16. Bf4 Bc5+ 17. Nd4 Ndxe5 18. h3 Nf6 19. Kh1 Nh5 20. Nab5 Bxb5 21. Nxb5
Qe7 22. Rf1 Nd3 23. Kh2 Nhxf4 24. gxf4 Qh4 25. Nd4 Nxf4 26. e5 Nxg2 27. Qxg2
Bxd4 28. cxd4 Qxd4 29. Rae1 Rae8 30. Re4 Qc5 31. Rg1 g6 32. Rge1 Re6 33. h4
Rfe8 34. Qg3 f5 35. exf6 Rxe4 36. f7+ Kxf7 0-1